banner-ar

روائع تحف الفن الاسلامى : (Record no. 64148)

MARC details
000 -الفاتح
حقل البيانات ثابتة الطول 00820nam a22001817a 4500
005 - وقت وتاريخ اخر تعامل مع التسجيلة
رقم الضبط 20240530110717.0
008 - عناصر البيانات ثابتة الطول - معلومات عامة
حقل البيانات ثابتة الطول 180303s ua a f 000 0 eng d
017 ## - رقم الايداع القانونى
المصدر ( الهيئة المختصة) مصر. دار الكتب
040 ## - مصدر الفهرسة
وكالة الفهرسة الأصلية EG-CaGPL
وكالة النسخ EG-CaGPL
082 04 - رقم تصنيف ديوى العشرى
رقم الطبعة 21
رقم التصنيف 704.9481\
رقم المادة م ر
245 00 - بيان العنوان
العنوان روائع تحف الفن الاسلامى :
بقية العنوان فى متحف المتروبوليتان للفنون /
بيان المسئوليه,etc تحرير مريم د. اختيار ، بريسلا ب. ساوشاك ، شيلا ر. كنبى ، نافينا نجاة حيدر ؛ ترجمة عبدالودود العمرانى ، بشير بو عائشة .
300 ## - الوصف المادى
التعداد 424 ص. :
تفاصيل ماديه اخرى للوعاء صور ؛
أبعاد الوعاء 28 سم.
650 07 - المدخل الاضافى بالموضوع-مصطلح موضوعى
مصدر الرأس أو المصطلح qrmak
مصطلح موضوعي الفنون الاسلامية
650 07 - المدخل الاضافى بالموضوع-مصطلح موضوعى
مصدر الرأس أو المصطلح qrmak
مصطلح موضوعي الزخارف الاسلامية
651 ## - المدخل الاضافى بالموضوع - اسم جغرافى
مصدر الرأس أو المصطلح qrmak
942 ## - عناصر المدخل الإضافي( كوها)
مصدر التصنيف او مخطط الترفيف Dewey Decimal Classification
Koha [default] item type كتاب
260 ## - PUBLICATION, DISTRIBUTION, ETC. (IMPRINT)
-- القاهرة :
Holdings
حالة التراجع حالة الفقد حالة تلف ليس للاعارة المكان المؤقت الموقع الحالى موقع الترفيف تاريخ الاكتساب اجمالي اﻻعارات رقم الطلب الباركود تاريخ اخر مشاهدة تاريخ تفعيل السعر نوع وعاء كوها
        مكتبة القاهرة الكبرى مكتبة القاهرة الكبرى   03/03/2018   704.9481\ م ر 164289 03/03/2018 03/03/2018 كتاب

Powered By

EGPV